Statistiques concernant Harry Potter: Le Souvenir de la discussion sur la Marque...

Cliquez ici pour prendre le quiz!

Statistiques générales

  • Ce quiz a été pris 40 fois
    (32 depuis la dernière actualisation)
  • Le résultat moyen est 8 sur 9

Statistiques - réponses

InformationRéponses% Correct
Propriétaire du souvenirAlbus Dumbledore
100%
ObservateurAlbus Dumbledore
100%
Personnage présentAlbus Dumbledore
100%
ObservateurHarry Potter
100%
Personnage présentSeverus Rogue
92%
Première apparitionHarry Potter et la Coupe de Feu
88%
Dernière apparitionHarry Potter et la Coupe de Feu
88%
Lieu d'observationBureau d'Albus Dumbledore
84%
Personnage mentionnéIgor Karkaroff
68%

Distribution des résultats

Percentile par nombre de réponses

% des personnes avec chaque résultat

Votre développement - résultats

Vous n’avez pas pris ce quiz depuis la dernière actualisation